Responses for Show #7081 - Monday, June 1, 2015

Dan Feitel game 5.

Contestants

[<< previous game]

Victoria Machado, a library assistant from Burlingame, California

Randy Pike, an Army public affairs chief originally from Louisville, Kentucky

Dan Feitel, an attorney originally from Gillette, New Jersey (whose 4-day cash winnings total $99,999)

[next game >>]

Jeopardy! Round responses

FICTIONAL PLACES
DON'T HOUND ME!
THEY DIRECTED THEMSELVES
THE LAW OF THE LAND
"BREAK"-ING
ENTERING
    $200 1
Camelot

Randy
    $200 27
a bloodhound

Dan
    $200 11
(George) Clooney

Dan
    $200 6
Rhode Island

Victoria
    $200 12
spring break

Dan
    $200 17
Goldilocks

Victoria
    $400 2
Panem

Dan
    $400 28
the Irish wolfhound

Triple Stumper
    $400 18
Warren Beatty

Randy
    $400 7
Bingo

Dan
    $400 13
break point

Dan
    $400 22
(Randy: What is Rome?)
(Dan: What is Istanbul?)

Jerusalem

DanRandyVictoria
    $600 3
Middle-earth

Dan
    $600 29
[The end-of-round signal sounds.]

an Afghan hound

Dan
    $600 19
Kenneth Branagh

Victoria
    $600 8
adultery

Randy
    $600 14
"Breaking Dawn"

Randy
    $600 23
arteries

Randy
    $800 4
Gulliver

Randy
    $800 20
Jodie Foster

Victoria
    $800 9
New Mexico

Victoria
    $800 15
a breakout

Dan
    $800 24
(Alex: With a minute to go, you're right.)

Publishers Clearing House

Randy
    $1000 5
Oz

Dan
    $1000 26
an elkhound

Dan
    $1000 21
Clint Eastwood

Victoria
    $1,000 10
(Alex: Victoria, anything?)
(Victoria: No, sorry.)
(Alex: Oh, he took part in as many as a hundred [*].)

duels

Victoria
    $1000 16
breakneck

Dan
    $1000 25
the Rhine

Triple Stumper

Scores at the first commercial break (after clue 15):

Dan Randy Victoria
$4,000 $2,200 $0

Scores at the end of the Jeopardy! Round:

Dan Randy Victoria
$6,400 $3,600 $3,000

Double Jeopardy! Round responses

MOORE OR LES
4-LETTER SCIENCE
CANADIAN CITIES
CARTOONS
HISTORIC MOTTOES & SLOGANS
VOCABULARY
    $400 21
paints

Dan
    $400 16
lead

Dan
    $400 29
Montreal

Triple Stumper
    $400 11
Pokémon

Randy
    $400 1
"Just say no"

Randy
    $400 6
cosmopolitan

Dan
    $800 22
Leslie Nielsen

Randy
    $800 17
smog

Dan
    $800 30
(Randy: What is Winnipeg?)

Moose Jaw

Randy
Triple Stumper
    $800 12
Big Hero 6

Dan
    $800 2
liberté

Victoria
    $800 7
unbridled

Dan
    $1200 23
Edward Kennedy

Triple Stumper
    $1200 18
work

Triple Stumper
    $5,400 27
(Randy: What is Edmonton?)

Stratford

Randy
    $1200 13
Gary Larson

Randy
    $1,000 3
"Every man a king"

Victoria
    $1200 8
patina

Randy
    $1600 24
Les Aspin

Triple Stumper
    $1600 19
core

Victoria
    $1600 26
(Alex: Less than a minute to go.)

Victoria, British Columbia

Triple Stumper
    $1600 14
an investor

Triple Stumper
    $1600 4
his needs (his need accepted)

Victoria
    $1600 9
modus operandi

Victoria
    $2000 25
Henry Moore

Randy
    $2000 20
salt

Triple Stumper
    $2000 28
(Randy: What is Whistler?)

Banff

Randy
Triple Stumper
    $2000 15
(Randy: Who is Madeline?)

Asterix

DanRandy
    $2000 5
Harding

Dan
    $2000 10
(Randy: What is etymology?)
(Victoria: What is semantics?)

morphology

RandyVictoria
Triple Stumper

Scores at the end of the Double Jeopardy! Round:

Dan Randy Victoria
$14,000 -$2,600 $7,600

[wagering suggestions for these scores]

Final Jeopardy! Round responses

SPORTS RULES
(Alex: Victoria, unless you're a big basketball--ball fan, this might've been really tough for ya. Let's see, were you able to come up with anything?)
(Victoria: Nothing.)
(Alex: Nothing, so it'll cost you how much?)
(Victoria: Nothing.)
(Alex: Nothing. You remain at $7,600.)
(Victoria: I was consistent.)
VictoriaWhat is
$0
DanWhat is the 24-second shot clock?
$13,999
the 24-second shot clock

Final scores:

Dan Randy Victoria
$27,999 -$2,600 $7,600
5-day champion: $127,998 3rd place: $1,000 2nd place: $2,000

Game dynamics:

Coryat scores:

Dan Randy Victoria
$14,000 $2,800 $8,800
20 R,
1 W
13 R,
6 W
(including 1 DD)
12 R
(including 1 DD),
2 W
(including 1 DD)

Combined Coryat: $25,600

[game clues] [game scores] [suggest correction]

Game tape date: Unknown
The J! Archive is created by fans, for fans. Scraping, republication, monetization, and malicious use prohibited; this site may use cookies and collect identifying information. See terms. The Jeopardy! game show and all elements thereof, including but not limited to copyright and trademark thereto, are the property of Jeopardy Productions, Inc. and are protected under law. This website is not affiliated with, sponsored by, or operated by Jeopardy Productions, Inc. Join the discussion at JBoard.tv.